Central Library OPAC University of Rajshahi

The United States and India and Pakistan / (Record no. 42148)

MARC details
000 -LEADER
fixed length control field 01029nam a2200289 a 4500
001 - CONTROL NUMBER
control field 42148
003 - CONTROL NUMBER IDENTIFIER
rucl marc code BD-RjUL
005 - DATE AND TIME OF LATEST TRANSACTION
control field 20211209053511.0
008 - FIXED-LENGTH DATA ELEMENTS--GENERAL INFORMATION
fixed length control field 160609r19671953mauab b 001 0 eng
035 ## - SYSTEM CONTROL NUMBER
System control number (BD-RjUL) 42266
System control number (OCoLC)575450
040 ## - CATALOGING SOURCE
Original cataloging agency DLC
Transcribing agency OClU
Modifying agency MoSU-L
-- Uk
-- DLC
Language of cataloging eng
041 ## - LANGUAGE CODE
Language code of text/sound track or separate title eng
082 ## - DEWEY DECIMAL CLASSIFICATION NUMBER
Classification number 954.09
Edition number 23
Author mark and year BRU 1967
100 1# - MAIN ENTRY--PERSONAL NAME
Personal name Brown, W. Norman
Fuller form of name (William Norman),
Dates associated with a name 1892-1975.
9 (RLIN) 129500
245 14 - TITLE STATEMENT
Title The United States and India and Pakistan /
Statement of responsibility, etc. by W. Norman Brown.
250 ## - EDITION STATEMENT
Edition statement rev. and enl. edi.
260 ## - PUBLICATION, DISTRIBUTION, ETC. (IMPRINT)
Place of publication, distribution, etc. Cambridge :
Name of publisher, distributor, etc. Harvard University Press,
Date of publication, distribution, etc. 1953 [r 1967]
300 ## - PHYSICAL DESCRIPTION
Pagination x,444 p. :
Illustrations ill ;
Size 20 cm.
504 ## - BIBLIOGRAPHY, ETC. NOTE
Bibliography, etc Bibliography: p. [291-297] and Index.
651 #0 - SUBJECT ADDED ENTRY--GEOGRAPHIC NAME
Geographic name India
General subdivision Politics and government
Chronological subdivision 1947-
9 (RLIN) 125446
Geographic name Pakistan
General subdivision Politics and government.
9 (RLIN) 128313
Geographic name United States
General subdivision Foreign relations
Geographic subdivision India.
9 (RLIN) 128143
Geographic name India
General subdivision Foreign relations
Geographic subdivision United States.
9 (RLIN) 128144
942 ## - ADDED ENTRY ELEMENTS (KOHA)
Source of classification or shelving scheme Dewey Decimal Classification
Koha item type Books
Holdings
Lost status Source of classification or shelving scheme Damaged status Not for loan Collection code Permanent Location Current Location Shelving location Date acquired Source of acquisition Cost, normal purchase price Total Checkouts Full call number Date last seen Copy number Koha item type
  Dewey Decimal Classification     Non-fiction Central Library, University of Rajshahi Central Library, University of Rajshahi   11/02/1973 Oxford university press 47.60   954.09 BRU 1967 09/06/2016 C-2 Books
  Dewey Decimal Classification     Non-fiction Central Library, University of Rajshahi Central Library, University of Rajshahi Reading Room 11/01/1965 Zeitlinger 48.00   954.09 BRU 1963 15/12/2016 C-1 Books